000 00271nam a22001217a 4500
008 170512b xxu||||| |||| 00| 0 eng d
041 _aeng
080 _28TH
_a94
100 _a15
101 _aSHH
245 _aSOURCES OF THE WESTERN TRADITION
_cPERRY
942 _2udc
_cBK
999 _c13322
_d13322